000 00822nam a2200229Ii 4500
003 JO-AjNU
008 230605s9999||||xx |||||||||||||| ||und||
017 _a2003/18732
020 _a977-6109-65-9
040 _aJO-AjNU
_bara
_erda
_cJO-AjNU
041 _aara
050 1 4 _aG63 2004
100 3 _aحمد، مصطفى أحمد، م.مشارك عثمان، حسام الدين إبراهيم,
_eauthor
_921158
245 0 0 _aالموسوعة الجغرافية: الدول - الولايات - الفاطعات، الجزء الأول
250 _aط1
264 3 1 _aالقاهرة: دار العلوم، 2004
300 _aج1، 164ص
336 _atext
_btxt
_2rdacontent
337 _aunmediated
_bn
_2rdamedia
338 _avolume
_bnc
_2rdacarrier
650 4 _aتقاويم البلدان- جغرافية
_921159
999 _aA7303
_c10871
_d10871